01545agaaa2200289 45000010005000000030009000050050017000140070009000310080040000400400023000800410013001031000051001161300038001672450177002052500022003822600123004043000033005275080029005605110038005895200340006275380016009675460013009836500072009967000069010687000063011377000055012006074IT-RoPAU20220918181252.0d cvaizq50131s9999||||xx ||| | || ||und|| aIT-RoPAUcIT-RoPAU aITALIANO aPesenti AntonellogCodice regista SPICS: 41845 aALLA SCOPERTA DEI SEGNI LITURGICI aALLA SCOPERTA DEI SEGNI LITURGICIcProdotto da: Centro Eucaristico A Diretto da: Pesenti AntonellopALLA SCOPERTA DEI SEGNI LITURGICI (Rif. Codice opera principale : C6074) aEdizione Standard aBERGAMO (ITALIA)bCENTRO EUCARISTICO AUDIOVISIVO / Distribuzione: CEAg"1993 (1° ed.: 1993 ; Ed. Lingua Orig.: 1993)" aVHSbsonoro, col.c30 minuti a"Musica: Tramacere G.; " a"Ravasio Giovanna; Ornaghi Luigi" aCATECHESI LITURGICA PER FANCIULLI E RAGAZZI. IL FILMATO ATTRAVERSO IL RACCONTO DI UNA STORIA IN CUI LA PROTAGONISTA E' UNA RAGAZZA SI PROPONE DI INTRODURRE ALLA COMPRENSIONE DEL LINGUAGGIO DEI SEGNI CHE ESPRIMONO LA NOSTRA FEDE PER PROMUOVERE UNA PARTECIPAZIONE PIU' CONSAPEVOLE E AUTENTICA ALLA LITURGIA. DIDATTICO RELIGIOSO A COLORI. aPAL, STEREO aITALIANO aDIDATTICOeTV-PROGRAMMI RELIGIOSI [VHS]xCodice MATERIA SPICS: 9963 aDonzelli P. Giancarlo e(soggetto)gCodice Soggetto SPICS: 41846 aPesenti Antonello e(regista)gCodice regista SPICS: 41845 aTramacere G.e(musica)gCodice Musica SPICS: 41847